000 00486nam a2200181Ia 4500
001 17233
005 20260306170410.0
008 260306t2017||||xx |||||||||||||| ||und||
041 _aESP
082 _a657.61
_bA11B
100 _aLuján Alburqueque, Luis
_eAUT
245 0 _aAplicación de las NIIF:
_bun enfoque didáctico de las NIIF y sus interpretaciones
260 _c2017
300 _a702 páginas :
_c25 cm.
650 _aGEN
654 _aCCO
942 _cLIB
_dJUS
_fJUS
_2ddc
_n
999 _c17233
_d17233